| 000 | 00000nas 2200000zi 4500 |
| 001 | 9.939191 |
| 003 | CaOODSP |
| 005 | 20241203113656 |
| 006 | m o d f |
| 007 | cr ||||||||||| |
| 008 | 240610d19901996abcar p o f0###a0eng|d |
| 040 | |aCaOODSP|beng|erda|cCaOODSP |
| 043 | |an-cn---|an-cn-ab |
| 086 | 1 |aEn11-23E-PDF |
| 110 | 2 |aCanada-Alberta Flood Damage Reduction Program.|eauthor,|eissuing body. |
| 245 | 10|aCanada-Alberta flood damage reduction program : |bannual report. |
| 264 | 1|aOttawa : |bEnvironment Canada, |c[1991-1996?] |
| 310 | |aAnnual |
| 336 | |atext|btxt|2rdacontent |
| 337 | |acomputer|bc|2rdamedia |
| 338 | |aonline resource|bcr|2rdacarrier |
| 362 | 1 |aBegan with: 1989/1990; ceased with: 1995/1996. |
| 500 | |aDigitized edition from print [produced by Environment and Climate Change Canada]. |
| 500 | |aPublished jointly by Environment Canada and Alberta Environmental Protection. |
| 588 | |aDescription based on: 1995/1996. |
| 588 | |aLatest issue consulted: 1995/1996. |
| 610 | 20|aCanada-Alberta Flood Damage Reduction Program.|vPeriodicals. |
| 650 | 0|aFlood damage prevention|zAlberta|vPeriodicals. |
| 650 | 0|aFlood forecasting|zAlberta|vPeriodicals. |
| 650 | 6|aDommages causés par les inondations|xPrévention|zAlberta|vPériodiques. |
| 650 | 6|aInondations|xPrévision|zAlberta|vPériodiques. |
| 655 | 7|aPeriodicals|2lcgft |
| 655 | 7|aPériodiques|2rvmgf |
| 710 | 1 |aCanada. |bEnvironment Canada, |eissuing body. |
| 710 | 1 |aAlberta. |bAlberta Environmental Protection, |eissuing body. |